000 00446nam a2200205Ia 4500
001 12864
003 GE_BSU
008 181216s||||||||xx |||||||||||||| ||und||
020 _a0722183143
040 _cGE_BSU
080 _a821.111-312.4
100 _aSteel,Danielle.
245 _aKaleidoscope.
260 _aLondon.
260 _bSphere Books Limited.
260 _c1987
300 _a386p;18cm.
653 _aKaleidoscope.
942 _cBK
999 _c46034
_d46034